UM Logo

Design and validation of the parallel enhanced commutation integrated nested multilevel inverter topology / (Record no. 21515)

MARC details
000 -LEADER
fixed length control field 00822nam a22001937a 4500
003 - CONTROL NUMBER IDENTIFIER
control field OSt
005 - DATE AND TIME OF LATEST TRANSACTION
control field 20240911165814.0
008 - FIXED-LENGTH DATA ELEMENTS--GENERAL INFORMATION
fixed length control field 240911b ||||| |||| 00| 0 eng d
040 ## - CATALOGING SOURCE
Transcribing agency 0
082 ## - DEWEY DECIMAL CLASSIFICATION NUMBER
Classification number DPer 621.317 Ie21 December 2022 v.37 n. 12 part 1&2.
100 ## - MAIN ENTRY--PERSONAL NAME
Personal name Terbrack, Chirstoph.
Relator term author.
9 (RLIN) 60744
245 ## - TITLE STATEMENT
Title Design and validation of the parallel enhanced commutation integrated nested multilevel inverter topology /
Statement of responsibility, etc. Chirstoph Terbrack, Julia Stottner, and Christian Endisch.
260 ## - PUBLICATION, DISTRIBUTION, ETC. (IMPRINT)
Place of publication, distribution, etc. New York;
Name of publisher, distributor, etc. The Institute of Electrical and Electronics Engineers, Inc.,
Date of publication, distribution, etc. December 2022.
300 ## - PHYSICAL DESCRIPTION
Extent volume 37, pages 15163-15174,
Other physical details illustration.
700 ## - ADDED ENTRY--PERSONAL NAME
Personal name Terbrack, Chirstoph.
Relator term author.
9 (RLIN) 60744
700 ## - ADDED ENTRY--PERSONAL NAME
Personal name Stottner, Julia.
Relator term author.
9 (RLIN) 60745
700 ## - ADDED ENTRY--PERSONAL NAME
Personal name Endisch, Christian.
Relator term author.
9 (RLIN) 60746
942 ## - ADDED ENTRY ELEMENTS (KOHA)
Source of classification or shelving scheme Dewey Decimal Classification
Koha item type Periodicals
Holdings
Withdrawn status Lost status Source of classification or shelving scheme Damaged status Not for loan Collection code Home library Current library Date acquired Total Checkouts Full call number Date last seen Price effective from Koha item type Public note
    Dewey Decimal Classification     Periodicals UM Digos College - LIC UM Digos College - LIC 09/11/2024   DPer 621.317 Ie21 December 2022 v.37 n. 12 part 1&2. 09/11/2024 09/11/2024 Periodicals Periodical Article